000 00516nam a2200193Ia 4500
008 101110s9999 xx 000 0 und d
041 _aENGLISH
082 _bSR23032
100 _aBangui, Sardesai, Patil, Ram
245 _aA New Course in Physics Paper I S.Y.B.Sc.
365 _b85
520 _aPhysics
546 _aENGLISH
630 _aA New Course in Physics Paper I S.Y.B.Sc.
650 _aPhysics
655 _aPhysics
730 _aA New Course in Physics Paper I S.Y.B.Sc.
942 _cBOOK
999 _c815760
_d815757